00207nam a2200073Ia 4500008004100000050002000041100002200061245005000083230915s9999 xx 000 0 und d aHF5667.V67 2014 aVillani, Kathleen 0aComputerized Accounting with Quick Books 2013